000 00729nam a2200277Ia 4500
003 OSt
005 20221006144449.0
006 a|||||r|||| 00| 0
007 ta
008 221006b |||||||| |||| 00| 0 eng d
020 _a0706903935
_c45.00
024 _a11,736
037 _cTextual
040 _aEASL
_cEASL
_beng
041 _2eng
_aeng
082 _aV2:19.N64, L6
100 _aNanda B. R.
245 0 _aIndian foreign policy
_b Nehru years
260 _aNew Delhi
_bVikas Pub. India
_c1976
300 _a280p.
_ccm.
490 _v Gen
650 _a Gen
650 _aIndia - foreign relations
_928675
942 _hV2:19.N64, L6
_cTEXL
_2CC
999 _c1079822
_d1079822